W G Clark (Properties) Ltd v Dupre Properties Ltd (Record no. 32337)
[ view plain ]
| 000 -LEADER | |
|---|---|
| fixed length control field | 01600cab a2200241 4500 |
| 001 - CONTROL NUMBER | |
| control field | ABS45292 |
| 008 - FIXED-LENGTH DATA ELEMENTS--GENERAL INFORMATION | |
| fixed length control field | 090401t1991 xxu||||| |||| 00| 0 eng d |
| 035 ## - SYSTEM CONTROL NUMBER | |
| System control number | (Sirsi) u52126 |
| 041 ## - LANGUAGE CODE | |
| Language code of text/sound track or separate title | eng |
| 245 ## - TITLE STATEMENT | |
| Title | W G Clark (Properties) Ltd v Dupre Properties Ltd |
| 260 ## - PUBLICATION, DISTRIBUTION, ETC. | |
| Date of publication, distribution, etc. | 1991 |
| 350 ## - PRICE (NR) (BK AM CF MU VM SE) [OBSOLETE] | |
| Price | 0 |
| 490 ## - SERIES STATEMENT | |
| Series statement | Weekly Law Reports |
| Volume/sequential designation | (1991) 3 WLR 579-591(13) |
| 520 ## - SUMMARY, ETC. | |
| Summary, etc. | ChD 4 June 1991. In 1985 the lease of a basement flat was assigned by the landlord (W) to the tenant (D). In 1986 both parties entered into a deed of variation whereby W consented to D carrying out building works to extend the flat into an adjoining courtyard on payment of £5,000. D effectively resigned his original interest and was granted a new lease comprising both flat and courtyard. In 1987 the land registry refused to register the deed as a third party was shown as proprietor of the courtyard although W claimed right to title on the grounds of adverse possession. In July 1989 D claimed damages against W for making false representations of title to the courtyard. W brought proceedings against D claiming possession of the whole of the demised premises on the grounds that the statement of claim in D`s action had denied W`s title to the premises. D`s summons to strike out W`s statement of claim was dismissed. D`s appeal was allowed on the grounds that since D`s pleading positively |
| 650 ## - SUBJECT ADDED ENTRY--TOPICAL TERM | |
| Topical term or geographic name entry element | ADVERSE POSSESSION |
| 650 ## - SUBJECT ADDED ENTRY--TOPICAL TERM | |
| Topical term or geographic name entry element | FORFEITURE |
| 650 ## - SUBJECT ADDED ENTRY--TOPICAL TERM | |
| Topical term or geographic name entry element | LANDLORD AND TENANT |
| 9 (RLIN) | 6252 |
| 650 ## - SUBJECT ADDED ENTRY--TOPICAL TERM | |
| Topical term or geographic name entry element | LEASES |
| 650 ## - SUBJECT ADDED ENTRY--TOPICAL TERM | |
| Topical term or geographic name entry element | TITLE |
| 690 ## - LOCAL SUBJECT ADDED ENTRY--TOPICAL TERM (OCLC, RLIN) | |
| Topical term or geographic name as entry element | LANDLORD AND TENANT-CASE LAW |
| 942 ## - ADDED ENTRY ELEMENTS (KOHA) | |
| Suppress in OPAC | 0 |
| 948 ## - LOCAL PROCESSING INFORMATION (OCLC); SERIES PART DESIGNATOR (RLIN) | |
| c (OCLC) | 04/03/1997 |
| Withdrawn status | Lost status | Source of classification or shelving scheme | Damaged status | Not for loan | Home library | Current library | Shelving location | Date acquired | Total Checkouts | Full call number | Barcode | Date last seen | Copy number | Price effective from | Koha item type |
|---|---|---|---|---|---|---|---|---|---|---|---|---|---|---|---|
| Dewey Decimal Classification | London | London | Journal article | 14/09/1999 | ABS45292 | 52126-1001 | 06/08/2019 | 1 | 06/08/2019 | Law report |